[Event "Marianske Lazne op 16th"]
[Site "Marianske Lazne"]
[Date "2017.01.27"]
[Round "8"]
[White "Paczkowski, Adam"]
[Black "Janiszewski, Maciej"]
[Result "0-1"]
[WhiteElo "2017"]
[BlackElo "2122"]
[PlyCount "50"]
[EventDate "2017.01.21"]
[EventType "swiss"]
[EventRounds "9"]
[EventCountry "CZE"]
[SourceTitle "CBM 176 Extra"]
[Source "ChessBase"]
[SourceDate "2017.03.02"]
[SourceVersion "1"]
[SourceVersionDate "2017.03.02"]
[SourceQuality "1"]

1. c4 e6 2. g3 d5 3. Bg2 c5 4. Nf3 Nc6 5. 0-0 Nf6 6. cxd5 exd5 7. d4 Be7 8. b3 0-0 9. Nc3 Ne4 10. Bb2 Bf6 11. Na4 b5 12. Nc3 Nxd4 13. Nxd4 Bxd4 14. Bxe4 dxe4 15. Qc2 e3 16. f3 b4 17. Ne4 Bf5 18. Rad1 Qb6 19. Bxd4 cxd4 20. Qc4 Rfd8 21. Ng5 Bg6 22. Rc1 d3 23. exd3 e2+ 24. Rf2 Qe3 25. Qxb4 Qxc1+ 0-1

[Event "Marianske Lazne op 16th"]
[Site "Marianske Lazne"]
[Date "2017.01.26"]
[Round "7"]
[White "Baum, Bernd"]
[Black "Paczkowski, Adam"]
[Result "1/2-1/2"]
[WhiteElo "2235"]
[BlackElo "2017"]
[PlyCount "52"]
[EventDate "2017.01.21"]
[EventType "swiss"]
[EventRounds "9"]
[EventCountry "CZE"]
[SourceTitle "CBM 176 Extra"]
[Source "ChessBase"]
[SourceDate "2017.03.02"]
[SourceVersion "1"]
[SourceVersionDate "2017.03.02"]
[SourceQuality "1"]

1. Nf3 d5 2. g3 e6 3. Bg2 Nf6 4. 0-0 c5 5. d4 Be7 6. c4 0-0 7. cxd5 exd5 8. dxc5 Bxc5 9. b3 Bg4 10. Bb2 Nc6 11. Nc3 Re8 12. Rc1 Qe7 13. Nxd5 Nxd5 14. Qxd5 Ba3 15. Bxa3 Qxa3 16. Ng5 Qe7 17. f3 Qe3+ 18. Kh1 Be6 19. Nxe6 Rxe6 20. Qb5 Rb8 21. Rfe1 g6 22. Qc5 Rbe8 23. Qxe3 Rxe3 24. f4 Rxe2 25. Rxe2 Rxe2 26. Bxc6 bxc6 1/2-1/2

[Event "Marianske Lazne op 16th"]
[Site "Marianske Lazne"]
[Date "2017.01.24"]
[Round "5"]
[White "Chudinovskikh, Alexander M"]
[Black "Paczkowski, Adam"]
[Result "1/2-1/2"]
[WhiteElo "2247"]
[BlackElo "2017"]
[PlyCount "29"]
[EventDate "2017.01.21"]
[EventType "swiss"]
[EventRounds "9"]
[EventCountry "CZE"]
[SourceTitle "CBM 176 Extra"]
[Source "ChessBase"]
[SourceDate "2017.03.02"]
[SourceVersion "1"]
[SourceVersionDate "2017.03.02"]
[SourceQuality "1"]

1. d4 d5 2. Nf3 e6 3. c4 c5 4. e3 Nf6 5. Nc3 Be7 6. cxd5 exd5 7. Bb5+ Bd7 8. Be2 Nc6 9. 0-0 0-0 10. dxc5 Bg4 11. b3 Bxc5 12. Bb2 a6 13. Rc1 Qd6 14. h3 Bf5 15. Bd3 1/2-1/2

[Event "POL-chT 2nd League"]
[Site "Ustron"]
[Date "2008.09.07"]
[Round "2.58"]
[White "Wypych, Dominik"]
[Black "Paczkowski, Adam"]
[Result "0-1"]
[WhiteElo "2085"]
[BlackElo "2030"]
[PlyCount "91"]
[EventDate "2008.09.06"]
[EventType "team-swiss"]
[EventRounds "9"]
[EventCountry "POL"]
[SourceTitle "EXT 2015"]
[Source "ChessBase"]
[SourceDate "2014.11.20"]
[SourceVersion "1"]
[SourceVersionDate "2014.11.20"]
[SourceQuality "1"]
[WhiteTeam "Gostynin Gostmat 83"]
[BlackTeam "Katowice Hetman Szopienice"]
[WhiteTeamCountry "POL"]
[BlackTeamCountry "POL"]

1. d4 Nf6 2. c4 g6 3. Nc3 Bg7 4. e4 d6 5. Be2 0-0 6. Bg5 h6 7. Be3 c5 8. d5 a6 9. a4 Qa5 10. Bd2 e6 11. h3 exd5 12. exd5 Re8 13. Nf3 Qc7 14. 0-0 Bf5 15. Nh4 Bd7 16. Bd3 Re7 17. Qf3 Kh7 18. g4 Be8 19. g5 hxg5 20. Bxg5 Nbd7 21. Rfe1 Rxe1+ 22. Rxe1 Kg8 23. Re7 Qd8 24. Re3 Qb6 25. Qe2 Ne5 26. Bb1 Qb4 27. Ba2 Bxa4 28. f4 Ned7 29. Nf3 b5 30. Nxa4 Qxa4 31. Ra3 Qb4 32. cxb5 Re8 33. Qc2 axb5 34. Rb3 Qa4 35. Qb1 c4 36. Ra3 Qb4 37. Qc2 Nxd5 38. f5 Qxb2 39. Qxb2 Bxb2 40. Ra7 Ne5 41. Kg2 Nxf3 42. Kxf3 gxf5 43. Bb1 Kg7 44. Rd7 Bc3 45. h4 Kg6 46. Ra7 0-1

[Event "Chorzow op"]
[Site "Chorzow"]
[Date "2008.04.02"]
[Round "7"]
[White "Muc, Zbigniew"]
[Black "Paczkowski, Adam"]
[Result "0-1"]
[WhiteElo "1859"]
[BlackElo "2058"]
[PlyCount "94"]
[EventDate "2008.03.29"]
[EventType "swiss"]
[EventRounds "9"]
[EventCountry "POL"]
[SourceTitle "EXT 2010"]
[Source "ChessBase"]
[SourceDate "2010.11.25"]
[SourceVersion "1"]
[SourceVersionDate "2010.11.25"]
[SourceQuality "1"]

1. e4 c6 2. d4 d5 3. e5 Bf5 4. h4 h5 5. Ne2 e6 6. Ng3 Qb6 7. Nxf5 exf5 8. c3 c5 9. g3 cxd4 10. cxd4 Nc6 11. Nc3 Qxd4 12. Qxd4 Nxd4 13. Bd3 Bb4 14. f4 Ne7 15. Kf2 0-0 16. Nd1 Rac8 17. Ne3 g6 18. Rd1 Ne6 19. Be2 Rfd8 20. Bd2 Bc5 21. Kg2 Bxe3 22. Bxe3 Rc2 23. Rd2 Rxd2 24. Bxd2 Rc8 25. Bd1 d4 26. Rc1 Rxc1 27. Bxc1 Nc5 28. Bd2 Ne4 29. Bb4 Nc6 30. Ba3 d3 31. Bb3 Nd4 32. Bd1 Nc2 33. Kf3 Nxa3 34. bxa3 Nc3 35. Bb3 d2 36. e6 fxe6 37. Bxe6+ Kf8 38. Bb3 d1Q+ 39. Bxd1 Nxd1 40. Ke2 Nc3+ 41. Kd3 Ne4 42. Kd4 Ke7 43. a4 Ke6 44. a5 Nxg3 45. Kc5 Ne4+ 46. Kb5 Kd5 47. Kb4 Nd2 0-1

[Event "POL-chT3 Liga Slaska"]
[Site "Poland"]
[Date "2007.03.18"]
[Round "6"]
[White "Paczkowski, Adam"]
[Black "Bloch, Pawel"]
[Result "1-0"]
[WhiteElo "2048"]
[BlackElo "2095"]
[PlyCount "71"]
[EventDate "2007.01.28"]
[EventType "team-swiss"]
[EventRounds "9"]
[EventCountry "POL"]
[SourceTitle "EXT 2011"]
[Source "ChessBase"]
[SourceDate "2010.11.26"]
[SourceVersion "1"]
[SourceVersionDate "2010.11.26"]
[SourceQuality "1"]
[WhiteTeam "Szopienice HetMaN"]
[BlackTeam "Katowice Hetman Szopienice III"]
[WhiteTeamCountry "POL"]
[BlackTeamCountry "POL"]

1. c4 e6 2. g3 d5 3. Bg2 Nf6 4. cxd5 exd5 5. Nf3 Bd6 6. Nc3 0-0 7. 0-0 c6 8. Qc2 Bg4 9. h3 Bh5 10. d3 Nbd7 11. e4 dxe4 12. dxe4 Qe7 13. Nh4 Bg6 14. Bg5 h6 15. Nxg6 fxg6 16. Be3 Kh8 17. Rad1 Rad8 18. f4 Nh5 19. Rf3 g5 20. Qf2 Rf7 21. e5 Bc7 22. Ne4 gxf4 23. gxf4 Nhf6 24. exf6 Qxe4 25. Rg3 Qf5 26. fxg7+ Kg8 27. Bf1 Nb6 28. Rxd8+ Bxd8 29. Qd2 Bh4 30. Bd3 Bxg3 31. Bxf5 Rxf5 32. Bd4 Bxf4 33. Qe2 Rg5+ 34. Kf1 Nd5 35. Qe8+ Kh7 36. Qh8+ 1-0